Sanat - "Synnytty saunomaan" - Olli Halonen - Statistics

Yleistilastot
  • Tätä visaa on pelattu 42 kertaa
  • Keskiarvotulos 117 / 200
Vastaustilastot
Vastaus % Oikein
ja
100%
kuoltu
100%
me
100%
ollaan
100%
on
100%
saunomaan
100%
se
100%
siellä
100%
Siellä
100%
synnytty
100%
lauteilla
83%
saunassa
83%
Sinne
83%
ei
67%
luotu
67%
maailmaa
67%
meidän
67%
Mitä
67%
mitä
67%
paljonko
67%
saunaan
67%
sovitaan
67%
tehdään
67%
uusiksi
67%
voi
67%
DNA
50%
jää
50%
järven
50%
kellareis
50%
kohokohtamme
50%
lauantai
50%
lausuttu
50%
lihat
50%
liitot
50%
morsiustaiat
50%
pohjoinen
50%
puhutaan
50%
solmittu
50%
tienaat
50%
vihat
50%
alkaa
33%
helle
33%
järvien
33%
jo
33%
juotu
33%
keskitalvella
33%
kirkko
33%
kuivattu
33%
kun
33%
lisää
33%
löylyä
33%
lyödään
33%
merkitse
33%
miljoonat
33%
mistä
33%
ne
33%
pakkanen
33%
pidot
33%
pohjolan
33%
pois
33%
raastupa
33%
rannoilla
33%
riidat
33%
sairaala
33%
sairaat
33%
saunat
33%
sitä
33%
stadin
33%
täällä
33%
tai
33%
tuhansien
33%
vaan
33%
vaivat
33%
valtiovieraat
33%
voideltu
33%
vuosisadan
33%
henget
17%
juhlittu
17%
katkaistu
17%
kaupat
17%
Kesähelteillä
17%
kiireet
17%
laulettu
17%
loitsuttu
17%
löylyissä
17%
löylyssä
17%
maljaa
17%
meidät
17%
meren
17%
nostettu
17%
oli
17%
pahat
17%
parannettu
17%
peltojen
17%
stressi
17%
tämä
17%
tekemään
17%
tunnetaan
17%
tunturipurojen
17%
jälkeen
0%
kiipeet
0%
kiuas
0%
laita
0%
laulamaan
0%
lauteille
0%
tehään
0%
työviikon
0%
unohtuu
0%
Ehtoja vastaavia visoja ei löytynyt
Tulosjakauma
Jokaisen tuloksen saaneiden osuus
Persentiili vastausten määrän mukaan
Tuloshistoriasi
Et ole pelannut tätä visaa